| 000 | 01994cam a2200313 i 4500 | ||
|---|---|---|---|
| 003 | SA-RiAUC | ||
| 005 | 20250630120316.0 | ||
| 008 | 250628s2014 ua g f000 0 ara c | ||
| 020 | _a9789774489037 | ||
| 024 | 0 | _a00000000362402 | |
| 040 |
_aSA-RiKSU _bara _cSA-RiAUC _dKAC _erda |
||
| 043 | _aa-su--- | ||
| 082 | 0 | 4 |
_a915.3804 _qSA-RiAUC |
| 090 |
_a915.3804 _bق و ص |
||
| 100 | 1 |
_aالقوصي، محمد عبد الشافي _eمؤلف. |
|
| 245 | 1 | 0 |
_aرحلات الأعلام إلى البلد الحرام / _cمحمد عبد الشافي القوصي. |
| 264 | 1 |
_aالقاهرة : _bالهيئة المصرية العامة للكتاب، _c2014 |
|
| 300 |
_a284 صفحة ؛ _c19 × 13 سم |
||
| 336 |
_aنص _btxt _2rdacontent _3كتاب |
||
| 337 |
_aبدون وسيط _bn _2rdamedia |
||
| 338 |
_aمجلد _bnc _2rdacarrier |
||
| 500 | _aتصميم الغلاف : الحبيبة حسين. | ||
| 520 | _aهذا الكتاب بمثابة روضة المحبين، ونزهة المشتاقين، وساحة مناجاة العارفين ! إنها سياحة إيمانية، ورحلات حجازية .. قام بها عدد من العلماء والأدباء والكتاب والفلاسفة إلى "أرض المعجزات"، و"منازل الوحي"، ومراقد الأحبة (محمد صلى الله عليه وسلم) وصحبه ! فقد شغلت الرحلة إلى أرض الحجاز كثيراً من الأدباء والكتاب والمفكرين سواء أكانوا عرباً أم عجماً. ولذا كان هذا الكتاب الذي يضم تلك الرحلات إلى بلد الله الحرام. | ||
| 651 | 7 |
_aمكة المكرمة _xوصف ورحلات _2aucsh |
|
| 856 | 4 | 2 |
_3Book Cover _qJPEG _uhttps://library.ithra.com/bc/00000000362402.jpeg _z>CLICK_TO_VIEW_BOOK_COVER> |
| 856 | 4 | 2 |
_3Table of contents _qPDF _uhttps://library.ithra.com/pdf/.pdf _z>CLICK_TO_ACCESS_TOC> |
| 942 |
_2ddc _cBOOK _n0 |
||
| 949 |
_aSA-JeALM _d250628 _umohamedma123 _n1 |
||
| 999 |
_c9301 _d9301 |
||